000 00564cam a22001697a 4500
008 180718b2001 xxu||||| |||| 00| 0 eng d
100 _aBousquet, Franck
245 _aRoad infrastructure concession practice in Europe
_cby Franck Bousquet and Alain Fayard
260 _aWashington, D.C.
_bWorld Bank
_c2001
300 _a47p.
440 _aPolicy research working paper 2675
650 _aToll roads --Europe
650 _aConcessions --Europe
650 _aInfrastructure (Economics) --Europe
650 _aRoads --Europe --Finance
700 _aFayard, Alain
999 _c287005
_d287005